[Event "AUTO-ADV-4458"]
[Site "http://www.queenalice.com/game.php?id=1641975"]
[Date "2021.1.30"]
[Round "1"]
[White "rodrigofortes"]
[Black "DAlessandro"]
[Result "1-0"]
[WhiteElo "1724"]
[BlackElo "1532"]

1. e4 c5 2. d3 e5 3. Nf3 d6 4. b3 b5 5. c4 b4 6. a3 Nc6 7. axb4 cxb4 8. Be3 a5
9. d4 Bg4 10. d5 Nb8 11. h3 Bh5 12. Be2 Be7 13. g4 Bg6 14. g5 Nd7 15. h4 Bh5 16.
Nh2 Bxe2 17. Qxe2 f6 18. f4 1-0

[Event "AUTO-ADV-4458"]
[Site "http://www.queenalice.com/game.php?id=1641992"]
[Date "2021.1.30"]
[Round "1"]
[White "maurice91"]
[Black "rodrigofortes"]
[Result "0-1"]
[WhiteElo "1908"]
[BlackElo "1746"]

1. d4 d5 2. Nf3 Nf6 3. e3 Nc6 4. Bb5 Bd7 5. b3 a6 6. Bxc6 Bxc6 7. Bb2 Qd7 8.
Nbd2 g6 9. c4 e6 10. Ne5 Qe7 11. Nxc6 bxc6 12. a4 Rb8 13. Ba3 Qd7 14. Bxf8 Kxf8
15. Qf3 Kg7 16. Rb1 a5 17. c5 Rb4 18. O-O Rhb8 19. g4 h5 20. g5 Nh7 21. h4 e5
22. Qg3 Qg4 23. Qxg4 hxg4 24. f3 exd4 25. fxg4 dxe3 26. Nf3 Rxg4+ 27. Kh2 e2 28.
Rfe1 Re8 29. Kh3 Rge4 30. Kg2 d4 31. Kf2 d3 32. Nd2 Rxh4 33. Rg1 f6 34. gxf6+
Kxf6 35. Rg2 Rh5 36. Rbg1 Ng5 37. Ke1 Re5 38. Rg4 Kf5 39. Rc4 Re3 40. Rcg4 Nh3
41. R1g2 Nf4 42. Nc4 Nxg2+ 43. Rxg2 Reh3 44. Rf2+ Ke4 45. Nd2+ Kd5 0-1

[Event "AUTO-ADV-4458"]
[Site "http://www.queenalice.com/game.php?id=1641993"]
[Date "2021.1.30"]
[Round "1"]
[White "rodrigofortes"]
[Black "maurice91"]
[Result "0-1"]
[WhiteElo "1768"]
[BlackElo "1886"]

1. e4 c6 2. d4 d5 3. e5 Bf5 4. Bd3 Bxd3 5. Qxd3 e6 6. Nf3 c5 7. dxc5 Bxc5 8. c4
Ne7 9. Qb3 Qd7 10. a4 d4 11. Qb5 b6 12. Qxd7+ Nxd7 13. O-O Ng6 14. Re1 Rd8 15.
Bd2 a5 16. Bg5 Rc8 17. Re4 h6 18. Bd2 O-O 19. Nxd4 Ndxe5 20. Bc3 Rcd8 21. Nc2
Rd1+ 22. Re1 Rxe1+ 23. Nxe1 Nxc4 24. Nd3 Bd6 25. b4 axb4 26. Bxb4 Rd8 27. Bxd6
Rxd6 28. Ne1 Rd1 29. Kf1 Nd2+ 30. Ke2 Rxb1 31. Nc2 Rxa1 32. Nxa1 Nc4 33. Nb3
Nge5 34. f4 Nd7 35. Kf3 Kf8 36. Ke4 Ke7 37. g4 Kd6 38. Kd4 Na5 39. Nd2 Nc6+ 40.
Kc4 f6 41. Ne4+ Kc7 42. Kb5 Nd4+ 43. Kc4 Ne2 44. f5 exf5 45. gxf5 Nf4 46. Ng3 h5
47. h4 Ne5+ 0-1

[Event "AUTO-ADV-4472"]
[Site "http://www.queenalice.com/game.php?id=1645797"]
[Date "2021.3.6"]
[Round "1"]
[White "o3bor52"]
[Black "rodrigofortes"]
[Result "0-1"]
[WhiteElo "1886"]
[BlackElo "1731"]

1. e4 c5 2. Nc3 d6 3. f4 Nf6 4. Bc4 Bg4 5. Bb5+ Nbd7 6. Bxd7+ Qxd7 7. Nf3 g6 8.
d3 b5 9. O-O b4 10. Nd5 Nxd5 11. exd5 Qf5 12. h3 Bxf3 13. Qxf3 Bg7 14. g4 Qf6
15. Rb1 Rc8 16. g5 Qf5 17. Qg4 Bd4+ 18. Kh2 Qxg4 19. hxg4 f6 20. b3 f5 21. gxf5
gxf5 22. Bb2 Kf7 23. Rfe1 Bxb2 24. Rxb2 h6 25. g6+ Kxg6 26. Re6+ Kf7 27. c4 bxc3
28. Rc2 Rcg8 29. Rxc3 Rg4 30. Rc4 Rhg8 31. Ra4 Rh4# 0-1

[Event "AUTO-ADV-4472"]
[Site "http://www.queenalice.com/game.php?id=1645798"]
[Date "2021.3.6"]
[Round "1"]
[White "rodrigofortes"]
[Black "o3bor52"]
[Result "1-0"]
[WhiteElo "1773"]
[BlackElo "1889"]

1. e4 c5 2. Nc3 g6 3. Bc4 e6 4. e5 Nc6 5. Nf3 Bg7 6. Qe2 Qc7 7. Nb5 Qa5 8. Nd6+
Ke7 9. a4 Nb4 10. Bb3 Nc6 11. Nc4 Qc7 12. c3 f6 13. exf6+ Bxf6 14. O-O h5 15. h4
b6 16. Bc2 Kf7 17. Qd3 Nge7 18. Nd6+ Kg7 19. Ne4 Ne5 20. Nxe5 Bxe5 21. g3 d5 22.
Ng5 c4 23. Qe3 Re8 24. Nf3 Nc6 25. d4 Rh8 26. dxe5 Qe7 27. Qe2 Bd7 28. Bg5 Qf7
29. Bf6+ Kg8 30. Ng5 Qf8 31. Bxh8 Kxh8 32. Bxg6 Qg7 33. Qxh5+ Kg8 34. Bf7+ Kf8
35. Nh7+ Ke7 36. Qg6 Qxf7 37. Qg5+ Ke8 38. Nf6+ Kd8 39. Nxd5+ Kc8 40. Ne3 Na5
41. Rad1 Bxa4 42. Rd4 Bb5 43. Rfd1 Kb7 44. Ng4 Nb3 45. Rf4 Qc7 46. Nh6 Ka6 47.
Nf7 Re8 48. h5 Re7 49. Nd6 Rg7 50. Qh4 Na5 51. h6 Rg8 52. h7 Rh8 53. Rf7 Qc5 54.
Qe7 Qxf2+ 55. Kxf2 Ra8 56. Qxe6 1-0

[Event "AUTO-ADV-4472"]
[Site "http://www.queenalice.com/game.php?id=1645811"]
[Date "2021.3.6"]
[Round "1"]
[White "rodrigofortes"]
[Black "jeffcom2f"]
[Result "1-0"]
[WhiteElo "1741"]
[BlackElo "1782"]

1. e4 d5 2. Qf3 dxe4 3. Qxe4 e6 4. d4 Nf6 5. Qe3 Nc6 6. Nf3 Nd5 7. Qd2 Be7 8. a3
O-O 9. c4 Nf6 10. Nc3 a6 11. Bd3 g6 12. O-O Nxd4 13. Nxd4 Qxd4 14. Ne2 Qd8 15.
Qc3 b6 16. Rd1 Bb7 17. Bh6 Re8 18. Bxg6 Bd6 19. Bc2 Bf8 20. Rxd8 1-0

[Event "AUTO-ADV-4472"]
[Site "http://www.queenalice.com/game.php?id=1645812"]
[Date "2021.3.6"]
[Round "1"]
[White "jeffcom2f"]
[Black "rodrigofortes"]
[Result "0-1"]
[WhiteElo "1856"]
[BlackElo "1753"]

1. e4 c5 2. d4 cxd4 3. Qxd4 a6 4. Qd1 Qa5+ 5. Bd2 Qb6 6. Bc3 Nf6 7. Nd2 d5 8.
Bxf6 Qxf6 9. c3 Qb6 10. Rb1 dxe4 11. Nc4 Qe6 12. Qd4 Nc6 13. Qe3 b5 14. Nb6 Rb8
15. Nxc8 Rxc8 16. g3 Qxa2 17. Qc1 Qb3 18. Be2 Nd4 19. Bd1 Qd5 20. Qe3 Nf5 21.
Qd2 Rd8 22. Qxd5 Rxd5 23. Bb3 Rd6 24. Ne2 a5 25. Bc2 Re6 26. Nf4 Re5 27. O-O e6
28. c4 Nd4 29. Bd1 bxc4 30. Ba4+ Nb5 31. b3 Ke7 32. bxc4 Nc3 33. Rb7+ Kf6 34.
Ra1 g5 35. Ng2 Kg6 36. Ne3 Bc5 37. Ng4 Rf5 38. Ne3 Bxe3 39. fxe3 Rf3 40. c5 Rxe3
41. c6 Rc8 42. Kf2 Rf3+ 43. Kg2 Nxa4 44. Rc1 Rc3 45. Rxc3 Nxc3 46. c7 Nd5 47.
Ra7 Rxc7 48. Rxa5 Ne3+ 49. Kf2 Ng4+ 0-1

[Event "AUTO-OPEN-4280"]
[Site "http://www.queenalice.com/game.php?id=1759572"]
[Date "2021.5.16"]
[Round "1"]
[White "speedmaxL"]
[Black "rodrigofortes"]
[Result "0-1"]
[WhiteElo "2235"]
[BlackElo "1780"]

1. e4 c5 2. Nf3 d6 3. d4 cxd4 4. Nxd4 Qb6 5. Nc3 e5 6. Nb3 Be6 7. Be3 Qd8 8. f3
f5 9. exf5 Bxf5 10. Qd2 Be6 11. O-O-O Bxb3 12. axb3 Nf6 13. f4 Qa5 14. Bb5+ Nbd7
15. fxe5 Ne4 16. Qd5 Qa1+ 0-1

[Event "AUTO-OPEN-4280"]
[Site "http://www.queenalice.com/game.php?id=1759573"]
[Date "2021.5.16"]
[Round "1"]
[White "rodrigofortes"]
[Black "speedmaxL"]
[Result "0-1"]
[WhiteElo "1759"]
[BlackElo "2487"]

1. e4 c5 2. d3 Nc6 3. c3 Nf6 4. Bg5 h6 5. Bxf6 exf6 6. d4 cxd4 7. cxd4 d5 8.
exd5 Qxd5 9. Nf3 Bb4+ 10. Nc3 Qa5 0-1

[Event "AUTO-OPEN-4280"]
[Site "http://www.queenalice.com/game.php?id=1759595"]
[Date "2021.5.16"]
[Round "1"]
[White "rodrigofortes"]
[Black "Rafale2000"]
[Result "0-1"]
[WhiteElo "1785"]
[BlackElo "1940"]

1. e4 Nf6 2. e5 Nd5 3. d4 d6 4. f4 dxe5 5. fxe5 Bf5 6. Qf3 Bxc2 7. Na3 Bg6 8.
Bc4 c6 9. Ne2 Nb6 10. b3 Nxc4 11. Nxc4 e6 12. O-O Be7 13. Be3 O-O 0-1

[Event "AUTO-OPEN-4280"]
[Site "http://www.queenalice.com/game.php?id=1759606"]
[Date "2021.5.16"]
[Round "1"]
[White "carlitomontana93270"]
[Black "rodrigofortes"]
[Result "0-1"]
[WhiteElo "1634"]
[BlackElo "1769"]

1. c4 e5 2. d3 f5 3. e3 Nf6 4. Nf3 d6 5. Be2 Nc6 6. O-O h6 7. Bd2 d5 8. cxd5
Qxd5 9. Nc3 Qf7 10. b3 Be6 11. Qc2 O-O-O 12. e4 f4 13. Rad1 g5 14. h3 g4 15.
hxg4 Nxg4 16. Nh2 Nxh2 0-1

[Event "AUTO-OPEN-4280"]
[Site "http://www.queenalice.com/game.php?id=1759607"]
[Date "2021.5.16"]
[Round "1"]
[White "rodrigofortes"]
[Black "carlitomontana93270"]
[Result "1-0"]
[WhiteElo "1757"]
[BlackElo "1646"]

1. e4 c5 2. c3 d6 3. d4 cxd4 4. cxd4 e6 5. Nc3 Nf6 6. Nb5 Bd7 7. Nxd6+ Bxd6 8.
e5 Bxe5 9. dxe5 Nd5 10. Qb3 Bc6 11. Bb5 O-O 12. Bxc6 Nxc6 13. Qg3 Nce7 14. Bh6
Nf5 15. Bg5 Qa5+ 16. Bd2 Qb6 17. Qb3 1-0

[Event "Challenge"]
[Site "http://www.queenalice.com/game.php?id=1760151"]
[Date "2021.5.21"]
[Round "-"]
[White "rodrigofortes"]
[Black "crisvolei"]
[Result "0-1"]
[WhiteElo "1782"]
[BlackElo "1597"]

1. e4 e5 2. Nf3 Qf6 3. Nc3 c6 4. d3 h6 5. g3 Bc5 6. a3 a5 7. Na4 Bxf2+ 8. Kxf2
g5 9. Ke3 g4 10. Nh4 Ne7 11. Qxg4 h5 12. Qf3 Qg5+ 13. Kf2 Qg7 14. Nf5 Qf6 15.
Nh4 Qxf3+ 16. Nxf3 d6 17. Bg5 Nd7 18. Bxe7 Kxe7 19. Bh3 b5 20. Bxd7 Bxd7 21. Nb6
Rag8 0-1

[Event "Challenge"]
[Site "http://www.queenalice.com/game.php?id=1760152"]
[Date "2021.5.21"]
[Round "-"]
[White "crisvolei"]
[Black "rodrigofortes"]
[Result "1-0"]
[WhiteElo "1641"]
[BlackElo "1775"]

1. e4 c5 2. Bc4 Nc6 3. c3 a6 4. a4 Ne5 5. Qe2 e6 6. f4 Qh4+ 7. g3 Qg4 8. fxe5
Qxe2+ 9. Nxe2 f6 10. exf6 gxf6 11. Nf4 e5 12. Nd5 1-0

[Event "AUTO-ADV-4472"]
[Site "http://www.queenalice.com/game.php?id=1762252"]
[Date "2021.6.15"]
[Round "2"]
[White "daddyrat"]
[Black "rodrigofortes"]
[Result "1-0"]
[WhiteElo "1825"]
[BlackElo "1810"]

1. e4 c5 2. Bc4 Nc6 3. Nf3 h6 4. d4 cxd4 5. Nxd4 e5 6. Nf3 Nf6 7. Be3 a6 8. Nc3
b5 9. Bd5 Bb7 10. Nxe5 Nxd5 11. Qxd5 Nxe5 12. Qxe5+ Qe7 13. Qc7 Bxe4 14. Nxe4
Qb4+ 15. Nd2 Bd6 16. Qc3 Qxc3 17. bxc3 Rc8 18. Bd4 Bc5 19. O-O Bxd4 20. cxd4
Rxc2 21. Rfe1+ Kd8 22. Nf3 d6 23. Kf1 b4 24. Rec1 Rc3 25. Rxc3 bxc3 26. Rc1 Kd7
27. Rxc3 Rb8 28. a3 Rb1+ 29. Ke2 1-0

[Event "AUTO-ADV-4472"]
[Site "http://www.queenalice.com/game.php?id=1762253"]
[Date "2021.6.15"]
[Round "2"]
[White "rodrigofortes"]
[Black "daddyrat"]
[Result "0-1"]
[WhiteElo "1795"]
[BlackElo "1840"]

1. e4 e5 2. Nf3 Nc6 3. Bb5 Nf6 4. Bxc6 bxc6 5. Nxe5 Bd6 6. d4 Nxe4 7. Qf3 f6 8.
Nc4 Ng5 9. Nxd6+ cxd6 10. Bxg5 fxg5 11. Qh5+ g6 12. Qe2+ Kf7 13. O-O Re8 14.
Qf3+ Kg7 15. Na3 Ba6 16. Rfe1 Rxe1+ 17. Rxe1 Qf6 18. Qg4 Rf8 19. Qxd7+ Kh6 20.
Qh3+ Kg7 21. Qd7+ Kh6 22. f3 Bb5 23. Nxb5 cxb5 24. Qxb5 Qxd4+ 25. Kf1 d5 26. Qd7
Qc4+ 27. Re2 Qxa2 0-1